NBA All Time Leaders In Steals Per Game - Statistics

General Stats
  • This quiz has been taken 805 times
  • The average score is 10 of 30
Answer Stats
Rank SPG Player % Correct
10 2.17 John Stockton
91%
5 2.35 Michael Jordan
85%
18 1.95 Jason Kidd
66%
17 1.96 Scottie Pippen
65%
24 1.90 Magic Johnson
62%
4 2.40 Chris Paul
61%
9 2.17 Allen Iverson
60%
30 1.83 Gary Payton
60%
16 1.96 Johnny Moore
60%
1 2.71 Alvin Robertson
45%
3 2.61 Jerry West
41%
22 1.90 Isiah Thomas
39%
13 2.03 Clyde Drexler
29%
26 1.87 Metta World Peace
29%
19 1.94 Ron Lee
27%
21 1.93 Rajon Rondo
23%
14 1.99 Gus Williams
21%
12 2.10 Maurice Cheeks
20%
15 1.99 Rick Barry
18%
6 2.33 Mookie Blaylock
16%
23 1.90 Walt Frazier
13%
2 2.63 Micheal Ray Richardson
11%
29 1.83 Baron Davis
10%
7 2.22 Fat Lever
7%
20 1.94 Nate McMillan
5%
28 1.85 Mike Gale
4%
25 1.88 Doug Christie
3%
8 2.20 Slick Watts
3%
11 2.15 Jerry Sloan
1%
27 1.86 Quinn Buckner
1%
No matching quizzes found
Score Distribution
Percent of People with Each Score
Percentile by Number Answered
Your Score History
You have not taken this quiz